LEADER 01052nam a2200313 i 4500 001 991000701889707536 005 20020507172450.0 008 960223s1982 us ||| | eng 020 $a0387906932 035 $ab10745233-39ule_inst 035 $aLE01300944$9ExL 040 $aDip.to Matematica$beng 082 0 $a512.24 084 $aAMS 16-01 084 $aAMS 16-XX 100 1 $aPierce, Charles S.$0845242 245 10$aAssociative algebras /$cRichard S. Pierce 260 $aNew York :$bSpringer-Verlag,$c1982 300 $axii, 436 p. ;$c25 cm. 490 0 $aGraduate texts in mathematics,$x0072-5285 ;$v88 500 $aBibliography: p. 421-424. 500 $aIncludes index 650 0$aAssociative algebras 907 $a.b10745233$b08-11-21$c28-06-02 912 $a991000701889707536 945 $aLE013 16-XX PIE11 (1982)$g1$i2013000042800$lle013$o-$pE0.00$q-$rl$s- $t0$u1$v3$w30$x0$y.i10837310$z28-06-02 996 $aAssociative algebras$91885724 997 $aUNISALENTO 998 $ale013$b01-01-96$cm$da $e-$feng$gus $h0$i1 LEADER 01377nam0 22003251i 450 001 UON00094184 005 20231205102525.48 010 $a88-8086-184-0 100 $a20020107d1998 |0itac50 ba 101 $aita 102 $aIT 105 $a|||| 1|||| 200 1 $aDe inventione$fMarco Tullio Cicerone$gintroduzione, traduzione e note a cura di Maria Greco 210 $aGalatina$cCongedo editore$d1998 215 $a358 p.$d24 cm 422 1$1001UON00100964$12001 $aStudi di Filologia e Letteratura$1205 $a1(1986)- $1207 $aGalatina : Congedo Editore, 1986- $1210 $a v.$a24 cm$1215 $aPeriodicità Irregolare$vSuppl. 3 500 1$3UON00363483$aDe inventione$913095 606 $aLETTERATURA LATINA$3UONC026272$2FI 620 $aIT$dGalatina (Lecce)$3UONL001242 676 $a870$cLetteratura latina$v21 700 1$aCICERO$bMarcus Tullius$3UONV056312$082411 702 1$aGRECO$bMaria$3UONV060772 712 $aCongedo$3UONV259359$4650 790 0$aCICERONE$zCICERO, Marcus Tullius$3UONV056313 801 $aIT$bSOL$c20240220$gRICA 899 $aSIBA - SISTEMA BIBLIOTECARIO DI ATENEO$2UONSI 912 $aUON00094184 950 $aSIBA - SISTEMA BIBLIOTECARIO DI ATENEO$dSI Per S 0245 Suppl. 003 1998 $eSI MC 21473 7 1998 996 $aDe inventione$913095 997 $aUNIOR